000 00521nam a22001697a 4500
005 20231109053125.0
008 231109b |||||||| |||| 00| 0 eng d
020 _a9780702133268
041 _aEnglish
082 _a346.2 SOU
100 _lEnglish
245 _aSouth African Corporate Business Administration /
_cedited by Juta Editors
260 _aCape Town :
_bJuta and Company Ltd,
_c2011
300 _bxi, 828 pages ;
_c27 cm.
650 _aLegal practice
_bLaw
942 _cBK
_6ALISON_BN_VRIES
999 _c448
_d448